000 00263 a2200097 4500
001 59626
100 _a
245 _aNew Age of Innovation; Driving concreated value through global networks
260 _anew delhi
_bTata Mc Graw Hill
_c2008
090 _c36499
_d36499
942 _aNUST-CAE
_c
_c29445
999 _c294699
_d294699